| 000 | 00458cam a2200181ua 4500 | ||
|---|---|---|---|
| 020 |
_a1 56081 600 7 _c168.00 |
||
| 041 |
_aeng _h |
||
| 082 |
_a664.7 _bGOD/BI |
||
| 100 | _aGodon, Bernard . | ||
| 245 |
_aBio conversion of cereal products / _cBernard Godon. _hTextual Documents |
||
| 250 |
_a1 / _b. |
||
| 260 |
_a : _bV C H publishers , _c1993. |
||
| 300 | _a220 ; . | ||
| 365 | _a168.00 | ||
| 504 | _a | ||
| 942 | _cBK | ||
| 999 |
_c2962 _d2962 |
||